| 000 | 04115nam a2200433 i 4500 | ||
|---|---|---|---|
| 001 | xb23670320 | ||
| 006 | m d | ||
| 007 | cr n | ||
| 008 | 150406t20152015enk sbf 000 0 eng d | ||
| 020 |
_a9781783741090 _q(pdf) |
||
| 020 |
_a9781783741106 _q(epub fixed layout) |
||
| 020 |
_a9781783741106 _q(epub reflowable) |
||
| 020 |
_a9781783741113 _q(mobi) |
||
| 020 | _z9781783741076 (Paperback) | ||
| 020 | _z9781783741083 (Hardback) | ||
| 035 | _a(OCoLC)908831899 | ||
| 040 |
_aStSaUL _beng _erda |
||
| 043 | _ae-uk--- | ||
| 100 | 1 |
_aBrooks, Greg, _eauthor. |
|
| 245 | 1 | 0 |
_aDictionary of the British English spelling system _h[electronic resource] / _cGreg Brooks. |
| 264 | 1 | _bOpen Book Publishers, | |
| 300 | _a1 online resource (xxx, 492 pages) | ||
| 500 | _aAvailable through Open Book Publishers. | ||
| 504 | _aIncludes bibliographical references (pages 487-490). | ||
| 505 | 2 | _aList of tables -- About the author -- Acknowledgments -- A 40-year gestation -- How to use this book -- 1. Introduction -- 2. The phonemes of spoken English -- 3. The phoneme-grapheme correspondences of English, 1: Consonants -- 4. How do you know when to write a consonant letter double? -- 5. The phoneme-grapheme correspondences of English, 2: Vowels -- 6. Some spelling rules for vowels -- 7. Special processes -- 8. The graphemes of written English -- 9. The grapheme-phoneme correspondences of English, 1: Graphemes beginning with consonant letters -- 10. The grapheme-phoneme correspondences of English, 2: Graphemes beginning with vowel letters -- 11. Evaluating some pronunciation rules for vowel graphemes -- Appendix A: Assumptions and technicalities -- Appendix B: Pedagogically selected lists of phoneme-grapheme and grapheme-phoneme correspondences - References. | |
| 506 | _aOpen access resource providing free access. | ||
| 520 | _a"This book will tell all you need to know about British English spelling. It's a reference work intended for anyone interested in the English language, especially those who teach it, whatever the age or mother tongue of their students. It will be particularly useful to those wishing to produce well-designed materials for teaching initial literacy via phonics, for teaching English as a foreign or second language, and for teacher training. English spelling is notoriously complicated and difficult to learn; it is correctly described as much less regular and predictable than any other alphabetic orthography. However, there is more regularity in the English spelling system than is generally appreciated. This book provides, for the first time, a thorough account of the whole complex system. It does so by describing how phonemes relate to graphemes and vice versa. It enables searches for particular words, so that one can easily find, not the meanings or pronunciations of words, but the other words with which those with unusual phoneme-grapheme/grapheme-phoneme correspondences keep company. Other unique features of this book include teacher-friendly lists of correspondences and various regularities not described by previous authorities, for example the strong tendency for the letter-name vowel phonemes (the names of the letters <a, e, i, o, u>) to be spelt with those single letters in non-final syllables."--Publisher's website. | ||
| 538 | _aMode of access: World Wide Web. | ||
| 540 | _aThis work is licensed under a Creative Commons Attribution 4.0 International license (CC BY 4.0). For more detailed information consult the publisher's website. | ||
| 650 | 0 |
_aEnglish language _xOrthography and spelling _vHandbooks, manuals. |
|
| 650 | 0 |
_aEnglish language _zGreat Britain _zOrthography and spelling _vHandbooks, manuals. |
|
| 710 | 2 |
_aOpen Book Publishers, _epublisher. |
|
| 856 | 4 | 0 |
_uhttp://doi.org/10.11647/OBP.0053 _zConnect to e-book |
| 856 | 4 | 2 |
_uhttp://www.openbookpublishers.com/shopimages/products/cover/325 _zConnect to cover image |
| 999 |
_c29100 _d29100 |
||